000 00488nam a2200169 i 4500
001 55790
003 ES-MaACL
005 20230906163224.0
007 t|
008 030926s1973 sp ||||1| spa d
100 1 _aDhiel, Juan.
_944067
245 1 3 _aLa separación matrimonial /
_cJuan Dhiel ; supervisión, Juan Llop Sellares.
260 _aMadrid :
_bMaisal,
_c[1973]
300 _a146 p. ;
_c18 cm.
700 1 _aLlops Sellares, Juan.
_972847
852 _aES-MaACL
_jC-55374
_bR.87985
999 _c55790
_d55790